00825nam a2200253 i 4500001001000000003000900010005001700019007000300036008004100039020001800080040003000098082001400128245006600142264006800208300002700276336002700303337003300330338002800363590002800391910000700419942001400426952011400440999001700554000046285DO-SdBNP20230523100810.0ta110303s2018 dr 000 0 spa d a9789945504002 aDO-SdBNPbspacBNPHUerda bR457i22210aInvestigación :b¿que es el Estado?, ¿que es el gobierno? aSanto Domingo :bFundación Educación Constitucional,c2018. a240 paginas. ;c22 cm. 2rdacontentatextobtxt 2rdamediaasin mediaciónbn 2rdacarrieravolumenbnc ainventariado, 2023 / DG aDG 2ddccLBS1 00102ddc51708PDaBNPHUbBNPHUcCTd2023-05-23l0oBNPHU PD R457ip2023-2024r2023-05-23w2023-05-23yLBS1 c53589d53589